000 00302nam a22001457a 4500
008 210426b ||||| |||| 00| 0 eng d
020 _a0292720610
041 _aeng
080 _a316
082 _a316
100 _a50
101 _aSOC
245 _aThe Eighth Day
_cAdams,R.N
942 _2udc
_cBK
999 _c56774
_d56774